Biggest Dutch Cities by letter - Statistics

General Stats
  • This quiz has been taken 51 times
  • The average score is 13 of 25
Answer Stats
Letter Population City % Correct
A 741,636 Amsterdam
100%
R 598,199 Rotterdam
100%
E 209,620 Eindhoven
93%
T 474,292 The Hague
87%
U 290,529 Utrecht
87%
M 122,378 Maastricht
84%
G 181,194 Groningen
80%
N 158,732 Nijmegen
78%
B 167,673 Breda
76%
H 147,590 Haarlem
71%
L 119,713 Leiden
69%
D 149,782 Dordrecht
60%
S 134,520 's-Hertogenbosch
56%
V 92,403 Venlo
51%
Z 140,085 Zaanstad
47%
P 76,745 Purmerend
33%
O 76,430 Oss
31%
F 12,996 Franeker
27%
J 12,902 Joure
22%
C 65,255 Capelle aan den IJssel
20%
K 49,777 Kerkrade
20%
W 48,662 Weert
20%
I 33,886 IJsselstein
16%
Y 30,000 Ypenburg
13%
Q 3,970 Quirijnstok
4%
No matching quizzes found
Score Distribution
Percent of People with Each Score
Percentile by Number Answered
Your Score History
You have not taken this quiz